| 000 | 00463cam a2200181ua 4500 | ||
|---|---|---|---|
| 020 | _c2.50 | ||
| 041 |
_amal _h |
||
| 082 |
_a928.94812 _bBHA/AR |
||
| 100 | _aBhagirathi Ammathampura, . | ||
| 245 |
_aA R Rajarajavarma, Part l / _cBhagirathi Ammathampuran. _hTextual Documents |
||
| 250 |
_a1 / _b. |
||
| 260 |
_aKottayam : _bNational Book Stall , _c1963. |
||
| 300 | _a215 ; . | ||
| 365 | _a2.50 | ||
| 504 | _a | ||
| 942 | _cBK | ||
| 999 |
_c3825 _d3825 |
||